[Event "FRA-ch U26"]
[Site "Bastia"]
[Date "2024.04.07"]
[Round "8"]
[White "Baroyan, Davit"]
[Black "Budak, Rewi"]
[Result "0-1"]
[WhiteElo "2118"]
[BlackElo "2112"]
[PlyCount "96"]
[EventDate "2024.04.06"]
[EventType "swiss"]
[EventRounds "9"]
[EventCountry "FRA"]
[SourceTitle "CB16_2024"]
[SourceDate "2024.04.17"]
[SourceVersion "1"]
[SourceVersionDate "2024.04.17"]
[SourceQuality "1"]

1. Nf3 c5 2. g3 d5 3. Bg2 Nc6 4. d4 cxd4 5. Nxd4 Nf6 6. 0-0 Bg4 7. Nxc6 bxc6 8. c4 Qd7 9. Nc3 e6 10. Qa4 Be7 11. e4 dxe4 12. Nxe4 Rc8 13. Be3 Nxe4 14. Bxe4 0-0 15. f3 f5 16. Rad1 Qb7 17. fxg4 fxe4 18. Qxa7 Qxa7 19. Bxa7 Ra8 20. Rxf8+ Bxf8 21. Be3 Rxa2 22. Rd8 Kf7 23. Bd4 Ra1+ 24. Kf2 Rd1 25. Ke2 Rd3 26. Bb6 Rb3 27. Bd4 Rd3 28. Bb6 Rb3 29. Bd4 Rd3 30. Bb6 Rxd8 31. Bxd8 Bc5 32. Ba5 Bd4 33. b4 Ke7 34. b5 cxb5 35. cxb5 Kd6 36. Bb4+ Kc7 37. Bf8 Kb6 38. h4 Kxb5 39. h5 Kc6 40. g5 g6 41. hxg6 hxg6 42. Bb4 Kd5 43. Bd2 Ke5 44. g4 Kd5 45. Bc1 Ke5 46. Bd2 Bg1 47. Bc1 Bh2 48. Kf2 Bf4 0-1

[Event "FRA-ch U26"]
[Site "Bastia"]
[Date "2024.04.07"]
[Round "7"]
[White "Morison, Julien"]
[Black "Baroyan, Davit"]
[Result "0-1"]
[WhiteElo "1926"]
[BlackElo "2118"]
[PlyCount "52"]
[EventDate "2024.04.06"]
[EventType "swiss"]
[EventRounds "9"]
[EventCountry "FRA"]
[SourceTitle "CB16_2024"]
[SourceDate "2024.04.17"]
[SourceVersion "1"]
[SourceVersionDate "2024.04.17"]
[SourceQuality "1"]

1. e4 c5 2. b4 cxb4 3. a3 d5 4. exd5 Qxd5 5. Nf3 e5 6. axb4 Bxb4 7. Ra3 Ne7 8. Rd3 Qa5 9. Na3 e4 10. Nc4 Qc7 11. Rb3 exf3 12. Rxb4 Nbc6 13. Rb3 0-0 14. gxf3 Nd5 15. f4 Re8+ 16. Ne3 Nd4 17. c3 Nxb3 18. Qxb3 Nxf4 19. Rg1 Be6 20. Qa4 Rad8 21. Bb5 Bd7 22. Bxd7 Rxd7 23. Kd1 Nd3 24. Qh4 Qf4 25. Ng4 Rd6 26. c4 Nxc1 0-1

[Event "Marseille op 16th"]
[Site "Marseille"]
[Date "2023.12.30"]
[Round "6"]
[White "Avanesyan, David"]
[Black "Baroyan, Davit"]
[Result "1/2-1/2"]
[WhiteElo "2142"]
[BlackElo "2203"]
[PlyCount "86"]
[EventDate "2023.12.30"]
[EventType "swiss"]
[EventRounds "9"]
[EventCountry "FRA"]
[SourceTitle "CB01_2024"]
[SourceDate "2024.01.03"]
[SourceVersion "1"]
[SourceVersionDate "2024.01.03"]
[SourceQuality "1"]

1. e4 e5 2. Nf3 Nc6 3. Nc3 Nf6 4. d4 exd4 5. Nxd4 Bb4 6. Nxc6 bxc6 7. Bd3 d5 8. exd5 cxd5 9. 0-0 0-0 10. h3 h6 11. Nb5 Ba6 12. Nd4 Bxd3 13. Qxd3 Re8 14. Nc6 Qd6 15. Nxb4 Qxb4 16. a3 Qe4 17. Be3 a5 18. Rfe1 a4 19. Qc3 Qf5 20. Qd3 Qxd3 21. cxd3 Rab8 22. Bd4 Nd7 23. Rxe8+ Rxe8 24. Rc1 c5 25. Bxc5 Nxc5 26. Rxc5 Re5 27. Kh2 Re2 28. Rxd5 Rxb2 29. Ra5 Rb3 30. Rxa4 Rxd3 31. Ra8+ Kh7 32. Rf8 Rd7 33. Ra8 Rd2 34. Kg3 Rd3+ 35. Kh2 h5 36. a4 h4 37. a5 Ra3 38. a6 Ra2 39. f3 Ra1 40. Rf8 Kg6 41. Rh8 Ra4 42. a7 Rxa7 43. Rxh4 Ra2 1/2-1/2

[Event "Allauch op 4th"]
[Site "Allauch"]
[Date "2022.08.25"]
[Round "5"]
[White "Baroyan, Davit"]
[Black "Philippe, Guillaume"]
[Result "0-1"]
[WhiteElo "2144"]
[BlackElo "2392"]
[PlyCount "122"]
[EventDate "2022.08.22"]
[EventType "swiss"]
[EventRounds "9"]
[EventCountry "FRA"]
[SourceTitle "CBM 210 Extra"]
[Source "ChessBase"]
[SourceDate "2022.11.30"]
[SourceVersion "1"]
[SourceVersionDate "2022.11.30"]
[SourceQuality "1"]

1. d4 Nf6 2. c4 e6 3. Nf3 Bb4+ 4. Nbd2 0-0 5. a3 Be7 6. g3 d6 7. Bg2 a5 8. b3 Nc6 9. Bb2 Nd7 10. 0-0 e5 11. d5 Ncb8 12. e4 c6 13. Ne1 cxd5 14. cxd5 Na6 15. b4 axb4 16. axb4 Nc7 17. Rxa8 Nxa8 18. Qa1 Ndb6 19. f4 f6 20. Qa7 Qc7 21. Rf3 Bd7 22. Rc3 Qb8 23. Qxb8 Rxb8 24. Bc1 Bd8 25. Bf1 Nc7 26. fxe5 fxe5 27. Nb3 Ne8 28. Rc2 Nf6 29. Bd3 Ba4 30. Rc3 Be8 31. Nf3 Bg6 32. Nbd2 h6 33. h3 Ra8 34. g4 Ra1 35. Kg2 Nfxd5 36. exd5 Bxd3 37. Rxd3 Rxc1 38. Ra3 Be7 39. Ra7 Rc7 40. Ra5 Kf7 41. Nb3 Ke8 42. Rb5 Nc4 43. Na5 Nxa5 44. bxa5 Kd7 45. Rb6 Rc2+ 46. Kf1 Kc7 47. Rb5 Bf6 48. Ne1 Rc5 49. Rxc5+ dxc5 50. Nc2 Kd6 51. Ne3 g6 52. Ke2 Bg5 53. Nc4+ Kxd5 54. Nb6+ Kd4 55. Nc8 Bd8 56. Nd6 Bxa5 57. Nxb7 Bc7 58. h4 Kd5 59. g5 hxg5 60. hxg5 Kc6 61. Nxc5 Kxc5 0-1

[Event "FRA-ch op-A"]
[Site "Albi"]
[Date "2022.08.20"]
[Round "8"]
[White "Saya, Ethan"]
[Black "Baroyan, Davit"]
[Result "1-0"]
[WhiteElo "2146"]
[BlackElo "2144"]
[PlyCount "55"]
[EventDate "2022.08.13"]
[EventType "swiss"]
[EventRounds "9"]
[EventCountry "FRA"]
[SourceTitle "CBM 210 Extra"]
[Source "ChessBase"]
[SourceDate "2022.11.30"]
[SourceVersion "1"]
[SourceVersionDate "2022.11.30"]
[SourceQuality "1"]

1. d4 c5 2. d5 e5 3. e4 d6 4. Bb5+ Nd7 5. a4 g6 6. Nc3 Bg7 7. Nf3 Ne7 8. Nd2 0-0 9. Be2 f5 10. 0-0 Nf6 11. f4 exf4 12. Rxf4 Bh6 13. Rf1 Be3+ 14. Kh1 Bd4 15. Bf3 Bxc3 16. bxc3 fxe4 17. Nxe4 Nxe4 18. Bxe4 Rxf1+ 19. Qxf1 Bf5 20. Qd3 Bxe4 21. Qxe4 Nf5 22. Qe6+ Kg7 23. g4 Nh6 24. c4 Nf7 25. Bb2+ Kf8 26. Rf1 Qe7 27. Bg7+ Ke8 28. Rxf7 1-0

[Event "FRA-ch Blitz Online Qual"]
[Site "Europe Echecs INT"]
[Date "2020.05.16"]
[Round "5"]
[White "Stephan, Victor"]
[Black "Baroyan, Davit"]
[Result "1-0"]
[WhiteElo "2439"]
[BlackElo "2218"]
[PlyCount "57"]
[EventDate "2020.05.16"]
[EventType "swiss (blitz)"]
[EventRounds "15"]
[EventCountry "FRA"]
[SourceTitle "CBM 196 Extra"]
[Source "ChessBase"]
[SourceDate "2020.07.31"]
[SourceVersion "1"]
[SourceVersionDate "2020.07.31"]
[SourceQuality "1"]

1. d4 d5 2. c4 e6 3. Nc3 c6 4. e4 dxe4 5. Nxe4 Bb4+ 6. Nc3 c5 7. Be3 Nc6 8. Nf3 Nf6 9. Be2 Ne4 10. Rc1 Nxc3 11. bxc3 Ba3 12. Rb1 Qa5 13. 0-0 0-0 14. Rb5 Qc7 15. Qb3 cxd4 16. cxd4 Be7 17. Qb1 Bf6 18. Rd1 b6 19. Ng5 Bxg5 20. Rxg5 Bb7 21. Qe4 Ne7 22. Qg4 Ng6 23. h4 f5 24. Qh3 Nf4 25. Rxg7+ Kxg7 26. Qg3+ Kf7 27. Bxf4 Qc6 28. Bh5+ Ke7 29. Qg7+ 1-0

[Event "Espalion op 3rd"]
[Site "Espalion"]
[Date "2018.07.20"]
[Round "8"]
[White "Baroyan, Davit"]
[Black "Larcheveque, Francois"]
[Result "1/2-1/2"]
[WhiteElo "2049"]
[BlackElo "1980"]
[PlyCount "85"]
[EventDate "2018.07.14"]
[EventType "swiss"]
[EventRounds "9"]
[EventCountry "FRA"]
[SourceTitle "CBM 185 Extra"]
[Source "ChessBase"]
[SourceDate "2018.07.29"]
[SourceVersion "1"]
[SourceVersionDate "2018.07.29"]
[SourceQuality "1"]

1. d4 d5 2. Nf3 Nf6 3. c4 e6 4. g3 dxc4 5. Bg2 a6 6. Ne5 c5 7. e3 cxd4 8. exd4 Be7 9. 0-0 0-0 10. Nc3 Nbd7 11. Nxc4 Nb6 12. Qb3 Nxc4 13. Qxc4 b5 14. Qb3 Bd7 15. Bf4 Rc8 16. Rfe1 b4 17. Ne4 Nxe4 18. Bxe4 Bb5 19. Rad1 Qa5 20. Qf3 Bf6 21. h4 Rfd8 22. Bg5 Bxg5 23. hxg5 Bc4 24. b3 Bd5 25. Qh5 Bxe4 26. Rxe4 Qf5 27. Rf4 Qg6 28. Qxg6 hxg6 29. d5 exd5 30. Rxb4 Rc2 31. Ra4 d4 32. Raxd4 Rxd4 33. Rxd4 Rxa2 34. Rd8+ Kh7 35. Rd7 Rb2 36. Rb7 a5 37. Rb5 Kg8 38. f4 Kf8 39. g4 Ra2 40. f5 gxf5 41. gxf5 a4 42. bxa4 Rxa4 43. Rb8+ 1/2-1/2

[Event "Bouches du Rhone-ch 1617"]
[Site "Vitrolles"]
[Date "2017.03.04"]
[Round "7"]
[White "Derige Kane, Yan"]
[Black "Baroyan, Davit"]
[Result "0-1"]
[WhiteElo "2026"]
[BlackElo "1914"]
[PlyCount "76"]
[EventDate "2016.10.01"]
[EventType "tourn"]
[EventRounds "9"]
[EventCountry "FRA"]
[SourceTitle "EXT 2024"]
[Source "ChessBase"]
[SourceDate "2023.10.10"]
[SourceVersion "1"]
[SourceVersionDate "2023.10.10"]
[SourceQuality "1"]

1. e4 e5 2. Nf3 Nc6 3. Bc4 Bc5 4. d3 Nf6 5. 0-0 d6 6. c3 0-0 7. b4 Bb6 8. Bg5 h6 9. Bh4 g5 10. Nxg5 hxg5 11. Bxg5 Be6 12. Kh1 Bxc4 13. dxc4 Kh8 14. c5 Rg8 15. h4 Rxg5 16. hxg5 dxc5 17. Qxd8+ Rxd8 18. bxc5 Nxe4 19. cxb6 cxb6 20. Kg1 Rd3 21. f3 Nxg5 22. Kf2 Kg7 23. Ke2 e4 24. Nd2 Rxc3 25. Nxe4 Rc2+ 26. Nd2 Ne6 27. g3 Nb4 28. a3 Nd5 29. Rfc1 Rb2 30. Rab1 Ra2 31. Rb5 Nd4+ 32. Kd3 Nxb5 33. Nc4 Nxa3 34. Nd6 Kf6 35. Ke4 Nb4 36. Rc7 Re2+ 37. Kd4 Rd2+ 38. Kc3 Nd5+ 0-1

[Event "Bouches du Rhone-ch 1617"]
[Site "Vitrolles"]
[Date "2016.12.10"]
[Round "4"]
[White "Madranges, Jean"]
[Black "Baroyan, Davit"]
[Result "0-1"]
[WhiteElo "1794"]
[BlackElo "1989"]
[PlyCount "34"]
[EventDate "2016.10.01"]
[EventType "tourn"]
[EventRounds "9"]
[EventCountry "FRA"]
[SourceTitle "EXT 2024"]
[Source "ChessBase"]
[SourceDate "2023.10.10"]
[SourceVersion "1"]
[SourceVersionDate "2023.10.10"]
[SourceQuality "1"]

1. e4 c5 2. Nc3 Nc6 3. Bb5 Nf6 4. Bxc6 dxc6 5. f4 g6 6. Nf3 Bg7 7. d3 0-0 8. 0-0 Qb6 9. Na4 Qa5 10. c3 Rd8 11. Qc2 c4 12. d4 Nxe4 13. Qxe4 Qxa4 14. Qxe7 Qa5 15. f5 Bxf5 16. Ng5 Rd7 17. Qe2 Bd3 0-1

[Event "Salon de Provence op 6th"]
[Site "Salon de Provence"]
[Date "2015.07.04"]
[Round "7"]
[White "Baroyan, Davit"]
[Black "Chauvet, Vincent"]
[Result "1/2-1/2"]
[WhiteElo "1978"]
[BlackElo "2146"]
[PlyCount "60"]
[EventDate "2015.07.04"]
[EventType "swiss"]
[EventRounds "9"]
[EventCountry "FRA"]
[SourceTitle "EXT 2016"]
[Source "ChessBase"]
[SourceDate "2015.10.08"]
[SourceVersion "1"]
[SourceVersionDate "2015.10.08"]
[SourceQuality "1"]

1. d4 d5 2. c4 e6 3. Nc3 Bb4 4. Qb3 Nc6 5. Nf3 Nf6 6. a3 Bxc3+ 7. bxc3 0-0 8. cxd5 exd5 9. Bg5 Na5 10. Qc2 c5 11. e3 c4 12. Nd2 h6 13. Bh4 Bg4 14. Be2 Bxe2 15. Kxe2 Qd6 16. Bg3 Qe6 17. Rhe1 Nd7 18. Kf1 f5 19. Kg1 Rae8 20. Nf3 Nb3 21. Rab1 Qe4 22. Qd1 Qe7 23. Nd2 Qxa3 24. Nxb3 cxb3 25. Rxb3 Qa6 26. Qa1 Qc6 27. Reb1 b6 28. h3 a5 29. Rb5 Qc4 30. Qa3 Re6 1/2-1/2

[Event "Salon de Provence op 6th"]
[Site "Salon de Provence"]
[Date "2015.07.04"]
[Round "1"]
[White "Baroyan, Davit"]
[Black "Kizil, Yilmaz"]
[Result "1/2-1/2"]
[WhiteElo "1978"]
[BlackElo "1704"]
[PlyCount "110"]
[EventDate "2015.07.04"]
[EventType "swiss"]
[EventRounds "9"]
[EventCountry "FRA"]
[SourceTitle "EXT 2016"]
[Source "ChessBase"]
[SourceDate "2015.10.08"]
[SourceVersion "1"]
[SourceVersionDate "2015.10.08"]
[SourceQuality "1"]

1. e4 e5 2. Nf3 Nc6 3. Bb5 a6 4. Ba4 Nf6 5. 0-0 Be7 6. Re1 b5 7. Bb3 d6 8. c3 Na5 9. Bc2 c5 10. h3 0-0 11. d4 cxd4 12. cxd4 Nc6 13. Be3 exd4 14. Nxd4 Nxd4 15. Bxd4 Bb7 16. Nd2 Re8 17. Nf1 Bf8 18. Ng3 g6 19. Qd2 Bg7 20. Rad1 Qc7 21. Bc3 Rac8 22. Qxd6 Qxd6 23. Rxd6 b4 24. Bxf6 Rxc2 25. Bxg7 Kxg7 26. Rb6 a5 27. Rxb7 Rxb2 28. Re2 Rxe2 29. Nxe2 Rxe4 30. Kf1 Re5 31. a3 Rd5 32. Ke1 bxa3 33. Rb3 Kf6 34. Rxa3 Ke7 35. Nc1 Kd6 36. Rd3 a4 37. Kd2 Kc5 38. Rxd5+ Kxd5 39. Kc3 Ke4 40. Nd3 a3 41. Nc5+ Kd5 42. Nd7 a2 43. Kb2 Kd4 44. g4 Kd3 45. Ne5+ Ke2 46. f3 f6 47. Nxg6 Kxf3 48. Nf8 Kg3 49. Nxh7 Kxh3 50. Nxf6 Kh4 51. Kxa2 Kg5 52. Kb3 Kxf6 53. Kc3 Kg5 54. Kd4 Kf4 55. g5 Kxg5 1/2-1/2

[Event "Salon de Provence op 6th"]
[Site "Salon de Provence"]
[Date "2015.07.04"]
[Round "5"]
[White "Baroyan, Davit"]
[Black "Maccagnan, Tomas"]
[Result "1-0"]
[WhiteElo "1978"]
[BlackElo "1822"]
[PlyCount "91"]
[EventDate "2015.07.04"]
[EventType "swiss"]
[EventRounds "9"]
[EventCountry "FRA"]
[SourceTitle "EXT 2016"]
[Source "ChessBase"]
[SourceDate "2015.10.08"]
[SourceVersion "1"]
[SourceVersionDate "2015.10.08"]
[SourceQuality "1"]

1. d4 Nf6 2. c4 c5 3. d5 b5 4. cxb5 a6 5. bxa6 Bxa6 6. Nc3 g6 7. e4 Bxf1 8. Kxf1 d6 9. g3 Bg7 10. Kg2 Nbd7 11. Nf3 0-0 12. h3 Ra6 13. Qc2 Qa8 14. Rd1 e6 15. Bf4 e5 16. Bc1 Ne8 17. a4 Nc7 18. Ra3 Rb8 19. h4 h6 20. Nd2 Rb4 21. Rb3 Rab6 22. Rxb4 Rxb4 23. b3 Nb6 24. Ba3 Rd4 25. Ne2 f5 26. Nxd4 exd4 27. f3 Qa6 28. Nc4 Nd7 29. exf5 Nxd5 30. Qe4 N7f6 31. Qe6+ Kh8 32. Kf2 Nc3 33. Rd3 g5 34. Rxc3 dxc3 35. Qxd6 Qxd6 36. Nxd6 Bf8 37. Nc4 Nd5 38. a5 Nb4 39. Bxb4 cxb4 40. Ke2 Bc5 41. Kd3 Bf2 42. a6 Ba7 43. Ne5 Kg7 44. Nc6 Bb6 45. a7 Bxa7 46. Nxa7 1-0

[Event "FRA-chT U16"]
[Site "Dieppe"]
[Date "2015.05.24"]
[Round "2.3"]
[White "Baroyan, Davit"]
[Black "Gestin, Arthur"]
[Result "1-0"]
[WhiteElo "1875"]
[BlackElo "1452"]
[PlyCount "71"]
[EventDate "2015.05.??"]
[EventType "team-tourn"]
[EventRounds "6"]
[EventCountry "FRA"]
[SourceTitle "EXT 2016"]
[Source "ChessBase"]
[SourceDate "2015.10.08"]
[SourceVersion "1"]
[SourceVersionDate "2015.10.08"]
[SourceQuality "1"]

1. d4 Nf6 2. c4 e5 3. dxe5 Ng4 4. Nf3 Bc5 5. e3 Nc6 6. Be2 0-0 7. 0-0 Re8 8. b3 Ngxe5 9. Nxe5 Nxe5 10. Bb2 a5 11. Nd2 Ra6 12. Nf3 Nxf3+ 13. Bxf3 Rh6 14. g3 Ree6 15. Qd2 Reg6 16. Kh1 c6 17. Bc3 Bb6 18. Rfd1 Bc7 19. c5 Qg5 20. Bxa5 Qf5 21. Bg2 Qh5 22. h3 Be5 23. Bc3 Bxc3 24. Qxc3 Qf5 25. Qa5 Qf6 26. Qc7 Qe7 27. Qxc8+ Qf8 28. Qxf8+ Kxf8 29. Rxd7 Rh5 30. Rad1 Re6 31. b4 Rf5 32. Rxb7 Rxf2 33. Rd8+ Re8 34. Rxe8+ Kxe8 35. Bxc6+ Kd8 36. a4 1-0

[Event "FRA-chT U16"]
[Site "Dieppe"]
[Date "2015.05.23"]
[Round "1.3"]
[White "Lialy Yao, Mustapha"]
[Black "Baroyan, Davit"]
[Result "1/2-1/2"]
[WhiteElo "1692"]
[BlackElo "1875"]
[PlyCount "108"]
[EventDate "2015.05.??"]
[EventType "team-tourn"]
[EventRounds "6"]
[EventCountry "FRA"]
[SourceTitle "EXT 2016"]
[Source "ChessBase"]
[SourceDate "2015.10.08"]
[SourceVersion "1"]
[SourceVersionDate "2015.10.08"]
[SourceQuality "1"]

1. e4 e5 2. Nf3 Nc6 3. Bb5 a6 4. Ba4 Nf6 5. 0-0 Be7 6. d3 b5 7. Bb3 d6 8. c3 0-0 9. Re1 Bg4 10. h3 Bh5 11. Nbd2 h6 12. Nf1 Na5 13. Bc2 c5 14. Ng3 Bg6 15. a4 Bh7 16. Qe2 Nc6 17. d4 cxd4 18. cxd4 Qb6 19. d5 Nd4 20. Nxd4 exd4 21. Bd3 b4 22. f4 Nd7 23. a5 Qb7 24. b3 Nc5 25. Bc2 d3 26. Bxd3 Nxb3 27. Rb1 Nc5 28. Nh5 Bd8 29. Qb2 f6 30. Bc2 Bxa5 31. Bd2 Bb6 32. Qxb4 Nxe4+ 33. Qxb6 Qxb6+ 34. Rxb6 Nxd2 35. Bxh7+ Kxh7 36. Re7 Rab8 37. Rxg7+ Kh8 38. Rxa6 Rg8 39. Rxg8+ Kxg8 40. Nxf6+ Kf7 41. Ng4 Rb1+ 42. Kf2 Ne4+ 43. Ke3 Re1+ 44. Kf3 h5 45. Ne3 Nc5 46. Rxd6 Nb3 47. Kf2 Ra1 48. Rh6 Ra2+ 49. Kg3 Nd4 50. Rxh5 Ra3 51. Kf2 Ra2+ 52. Kf1 Ra1+ 53. Kf2 Ra2+ 54. Kg3 Ra3 1/2-1/2

[Event "Bouches du Rhone-ch 1415"]
[Site "Vitrolles"]
[Date "2015.03.21"]
[Round "7"]
[White "Massardo, Quentin"]
[Black "Baroyan, Davit"]
[Result "0-1"]
[WhiteElo "1900"]
[BlackElo "1734"]
[PlyCount "66"]
[EventDate "2014.10.04"]
[EventType "tourn"]
[EventRounds "9"]
[EventCountry "FRA"]
[SourceTitle "EXT 2016"]
[Source "ChessBase"]
[SourceDate "2015.10.08"]
[SourceVersion "1"]
[SourceVersionDate "2015.10.08"]
[SourceQuality "1"]

1. d4 d5 2. c4 c6 3. Nf3 Nf6 4. g3 dxc4 5. Bg2 Nbd7 6. Qc2 Nb6 7. 0-0 g6 8. e4 Bg7 9. Be3 h6 10. a4 a5 11. Na3 Be6 12. h3 0-0 13. Ne5 Ne8 14. Naxc4 Nxc4 15. Nxc4 Nd6 16. d5 cxd5 17. Nb6 d4 18. Nxa8 dxe3 19. Nc7 Bc4 20. Rfe1 Qxc7 21. Rxe3 Bd4 22. Rd3 Qb6 23. Rd2 Rc8 24. Qd1 Bb3 25. Qf3 e5 26. Qf6 Nc4 27. Qxb6 Nxb6 28. Ra3 Nc4 29. Rxd4 exd4 30. Rxb3 Rd8 31. Bf1 Nd2 32. Rxb7 d3 33. Rb5 Nxf1 0-1